| 000 | 00684nam a2200229Ii 4500 | ||
|---|---|---|---|
| 999 |
_c5455 _d5455 |
||
| 001 | 5949 | ||
| 003 | GBCCL | ||
| 005 | 20241126110542.0 | ||
| 008 | 800123s1974 pau 00010 eng d | ||
| 020 | _a0914964011 | ||
| 035 | _aOCM05906299 | ||
| 040 |
_aICW _cICW _dm.c. _dLBB |
||
| 049 | _aLBBK | ||
| 082 |
_a223.706 _bNEI |
||
| 092 | _bN397 | ||
| 100 | 1 | 0 |
_aNeighbour, Ralph Webster, _d1929- _96254 |
| 245 | 1 | 0 |
_aHealth, wealth and happiness : _ba key to successful living / _cRalph W. Neighbour. |
| 260 | 0 |
_aNewtown, Penn. : _bTimothy Books, _c1974. |
|
| 300 |
_avi, 174 p. ; _c18 cm. |
||
| 630 | 0 | 0 |
_aBible. _pO.T. _pProverbs _xCriticism, interpretation, etc. _99804 |
| 942 |
_2ddc _cBK _05 |
||